Sanctuary : (Record no. 353375)

000 -LEADER
fixed length control field 00922 a2200277 4500
003 - CONTROL NUMBER IDENTIFIER
control field OSt
005 - DATE AND TIME OF LATEST TRANSACTION
control field 20180116192404.0
008 - FIXED-LENGTH DATA ELEMENTS--GENERAL INFORMATION
fixed length control field 120703t xxu||||| |||| 00| 0 eng d
010 ## - LIBRARY OF CONGRESS CONTROL NUMBER
LC control number 2003270707
020 ## - INTERNATIONAL STANDARD BOOK NUMBER
International Standard Book Number 0714841757
020 ## - INTERNATIONAL STANDARD BOOK NUMBER
International Standard Book Number 9780714845593
035 ## - SYSTEM CONTROL NUMBER
System control number (OCoLC)ocm49206715
040 ## - CATALOGING SOURCE
Transcribing agency 0
082 04 - DEWEY DECIMAL CLASSIFICATION NUMBER
Classification number 959.6
100 1# - MAIN ENTRY--PERSONAL NAME
Personal name McCurry, Steve.
9 (RLIN) 5511
245 10 - TITLE STATEMENT
Title Sanctuary :
Remainder of title the temples of Angkor /
Statement of responsibility, etc. Steve McCurry ; introduction by John Guy.
246 30 - VARYING FORM OF TITLE
Title proper/short title Temples of Angkor
260 ## - PUBLICATION, DISTRIBUTION, ETC.
Place of publication, distribution, etc. London :
-- New York :
Name of publisher, distributor, etc. Phaidon,
Date of publication, distribution, etc. 2002.
300 ## - PHYSICAL DESCRIPTION
Extent 116 p. :
Other physical details chiefly col. ill., col. maps ;
Dimensions 20 x 28 cm.
650 10 - SUBJECT ADDED ENTRY--TOPICAL TERM
Topical term or geographic name entry element Buddhist temples
Geographic subdivision Cambodia
-- Angkor (Extinct city)
9 (RLIN) 5512
651 10 - SUBJECT ADDED ENTRY--GEOGRAPHIC NAME
Geographic name Angkor Wat (Angkor)
9 (RLIN) 5513
651 10 - SUBJECT ADDED ENTRY--GEOGRAPHIC NAME
Geographic name Angkor (Extinct city)
9 (RLIN) 5514
651 10 - SUBJECT ADDED ENTRY--GEOGRAPHIC NAME
Geographic name Cambodia
General subdivision Antiquities
9 (RLIN) 5515
942 ## - ADDED ENTRY ELEMENTS (KOHA)
Institution code [OBSOLETE] SADA
Koha item type Book
Call number prefix 959.6 MCC 2002
Source of classification or shelving scheme
952 ## - LOCATION AND ITEM INFORMATION (KOHA)
-- BOOK
Holdings
Withdrawn status Lost status Source of classification or shelving scheme Damaged status Not for loan Permanent Location Current Location Date acquired Total Checkouts Full call number Barcode Date last seen Cost, replacement price Price effective from Koha item type
          School of Art Design and Architecture (SADA) School of Art Design and Architecture (SADA) 06/30/2011   959.6 MCC 2002 SADA0001533 08/05/2011 2207.00 08/05/2011 Book
© 2023 Central Library, National University of Sciences and Technology. All Rights Reserved.